Guess the Footballers by their Teams #6 - Statistics

General Stats
  • This quiz has been taken 514 times
  • The average score is 9 of 10
Answer Stats
Hint Answer % Correct
1989-2006. Cannes, Bordeaux, Juventus, Real Madrid, France. Zinedine Zidane
97%
2002-2021. Everton, Manchester United, Everton, D.C United, Derby County, England. Wayne Rooney
94%
2009-. Quimper, Le Havre II, Le Havre, Leicester City, Manchester City, Algeria. Riyad Mahrez
93%
2005-. Danubio, Palermo, Napoli (loan), Napoli, Paris Saint-Germain, Manchester United, Uruguay. Edinson Cavani
92%
1992-2017. Roma, Italy. Francesco Totti
91%
2005-. FC Basel, Schalke 04, Sevilla, Barcelona, Sevilla, Croatia. Ivan Rakitic
90%
2013-. Internacional, Roma, Liverpool, Brazil. Alisson
87%
1989-2006. Cobh Ramblers, Nottingham Forest, Manchester United, Celtic, Republic of Ireland. Roy Keane
82%
2000-2020. Bastia, Lyon, Chelsea, Real Madrid (loan), Milan, Panathinaikos, Persib Bandung, Sabail, Ghana. Michael Essien
76%
2001-2017. Bayern Munich II, Bayern Munich, VfB Stuttgart (loan), Germany. Philipp Lahm
70%
No matching quizzes found
Score Distribution
Percent of People with Each Score
Percentile by Number Answered
Your Score History
You have not taken this quiz